000 00214nam a2200097Ia 4500
999 _c13148
_d13148
100 _aM Morris Mano
245 0 _aDigital Logic and Computer Design
260 _aCanada
_bPearson
_c2003
300 _a456
942 _cBK